| 000 | 01800nam a2200433Ii 4500 | ||
|---|---|---|---|
| 001 | DIGUNIVALP0031 | ||
| 003 | NyNyDIG | ||
| 006 | m o d | ||
| 007 | cr ||||||||||| | ||
| 008 | 220513s2015 cl ob 000 0 spa d | ||
| 035 | _a(OCoLC)1299444653 | ||
| 040 |
_aDGITA _beng _erda _epn _cDGITA |
||
| 020 |
_a9789561709805 _qeBook _qePub |
||
| 020 |
_z9789561706651 _qedición impresa |
||
| 050 | 1 | 4 | _aQ162 ebook |
| 100 | 1 |
_aQuiroz Venegas, Waldo, _eauthor. |
|
| 245 | 1 | 0 |
_aNaturaleza de la ciencia para todos / _cWaldo Quiroz Venegas. |
| 250 | _aPrimera edición. | ||
| 264 | 1 |
_aValparaíso, [Chile] : _bEdiciones Universitarias de Valparaíso, Pontificia Universidad Católica de Valparaíso, _c2015. |
|
| 300 | _a1 online resource. | ||
| 336 |
_atext _btxt _2rdacontent |
||
| 337 |
_acomputer _bc _2rdamedia |
||
| 338 |
_aonline resource _bcr _2rdacarrier |
||
| 347 |
_atext file _2rdaft |
||
| 347 | _bEPUB | ||
| 490 | 1 | _aSerie Arbitrada | |
| 504 | _aIncludes bibliographical references. | ||
| 588 | 0 | _aOnline resource; title from ePub title page (Digitalia, viewed May 13, 2022) | |
| 650 | 0 |
_aScience _vPopular works. |
|
| 650 | 0 |
_aScience _xPhilosophy _vPopular works. |
|
| 655 | 0 | _aElectronic books. | |
| 791 | 2 |
_aDigitalia (Firm), _edistributor. |
|
| 793 | 0 |
_gDigitalia eBook Collection: _aEdiciones Universitarias de Valparaíso |
|
| 776 | 0 | 8 |
_iPrint version: _aQuiroz Venegas, Waldo. _tNaturaleza de la ciencia para todos. _bPrimera edición. _dValparaíso, [Chile] : Ediciones Universitarias de Valparaíso, Pontificia Universidad Católica de Valparaíso, 2015 _z9789561706651 |
| 830 | 0 | _aSerie Arbitrada (Valparaíso, Chile) | |
| 856 | 4 | 0 |
_3Digitalia Hispánica _uhttps://www.digitaliapublishing.com/a/110894/ |
| 910 | _aPremium collection: 2022 | ||
| 942 | _cRAA | ||
| 999 |
_c272854 _d272854 |
||